| 000 | 003560000a22001570004500 | ||
|---|---|---|---|
| 003 | LK-CoMWRAF | ||
| 008 | 230817t ||||| |||| 00| 0 eng d | ||
| 040 |
_aLK-CoMWRAF _dLK-CoMWRAF _eLK-CoMWRAF |
||
| 041 | _aeng | ||
| 082 |
_a153 _bRAH |
||
| 100 | _aRahim, V.Abdur | ||
| 245 |
_aHajj,Umra and Ziyara _b |
||
| 260 |
_b _a _c |
||
| 300 | _ap.79 | ||
| 942 | _cBK | ||
| 999 |
_c1241 _d1241 |
||